000 00523nam a2200181Ia 4500
005 20250508150414.0
008 008 250505s9999 xx 000 0 eng d
037 _aTextual
040 _aFEDL
_beng
_cFEDL
041 _aeng
_2eng
084 _a507, TWI
_qFEDL
100 _aTwiss George Ransom
_9756614
245 0 _aTextbook in the principles of science teaching
260 _aNew York, USA
_bThe Macmillan Company
_c1938
300 _axxvi,486p
942 _cTEXL
_h507, TWI
999 _c1323466
_d1323466